Legitimita dedičov uzatvoriť dohodu o vyporiadaní BSM
Príspevok sa zaoberá otázkou, kde pramení legitimita dedičov participovať na dohode o vyporiadaní bezpodielového spoluvlastníctva manželov v situácii, keď zákon ich participáciu predpokladá, resp. normuje. Autor hľadá argumenty podporujúce ich legitimitu nielen na uzavretie dohody v intenciách dedič...
Enregistré dans:
| Auteur principal: | |
|---|---|
| Format: | Chapitre de livre |
| Langue: | slovaque |
| Sujets: | |
| Tags: |
Pas de tags, Soyez le premier à ajouter un tag!
|
MARC
| LEADER | 00000naa a2200000 4500 | ||
|---|---|---|---|
| 001 | 0307599 | ||
| 005 | 20250312095726.1 | ||
| 041 | 0 | |a slo | |
| 044 | |a SK | ||
| 245 | 1 | 0 | |a Legitimita dedičov uzatvoriť dohodu o vyporiadaní BSM |c Kristián Vassay |
| 520 | |a Príspevok sa zaoberá otázkou, kde pramení legitimita dedičov participovať na dohode o vyporiadaní bezpodielového spoluvlastníctva manželov v situácii, keď zákon ich participáciu predpokladá, resp. normuje. Autor hľadá argumenty podporujúce ich legitimitu nielen na uzavretie dohody v intenciách dedičského mimosporového konania, ale aj ich legitimitu vystupovať ako strana sporu v sporovom konaní o vyrovnaní manželskej majetkovej masy. | ||
| 610 | 2 | 0 | |a legitimita |
| 610 | 2 | 0 | |a dedičstvo |
| 610 | 2 | 0 | |a spoluvlastníctvo |
| 610 | 2 | 0 | |a majetok |
| 610 | 2 | 0 | |a manželstvo |
| 610 | 2 | 0 | |a právo vlastnícke |
| 610 | 2 | 0 | |a spory súdne |
| 100 | 1 | |a Vassay, Kristián | |